000 00550nam a2200217Ia 4500
003 OSt
005 20220924134604.0
006 a|||||r|||| 00| 0
007 ta
008 220923b |||||||| |||| 00| 0 san d
024 _a280519
037 _cTextual
040 _aARTS
_cARTS
_bsan
041 _2san
_asan
082 _aO15:gx8,1, L6
100 _aMammatacharya
_962987
245 0 _aKavya prakash ed by Gaurinath Sastri
260 _c1976
942 _hO15:gx8,1, L6
_cTEXL
_2CC
999 _c437935
_d437935